Normal view
MARC view
- Building, Iron and steel
Entry Topical Term
001 - CONTROL NUMBER
- control field: 25291
003 - CONTROL NUMBER IDENTIFIER
- control field: NUST
005 - DATE AND TIME OF LATEST TRANSACTION
- control field: 20191106142459.0
008 - FIXED-LENGTH DATA ELEMENTS
- fixed length control field: 191106|| aca||aabn | a|a d
040 ## - CATALOGING SOURCE
- Original cataloging agency: NUST
- Transcribing agency: NUST
150 ## - HEADING--TOPICAL TERM
- Topical term or geographic name entry element: Building, Iron and steel
670 ## - SOURCE DATA FOUND
- Source citation: Work cat.: (NUST): Composite construction in steel and concrete VI :, c2011.
